000
00338nam a2200145Ia 4500
100
_a
Higgins/ Raymond.A
942
_c
BK
654
_a
Metallurgy
245
_a
Engineering Metallurgy II
260
_b
English language book society
_a
Hodder & Stoughton
_c
1974
082
_a
669
_b
HIG
300
_a
480
546
_a
ENGLISH
999
_c
31814
_d
31814